New shorter oxford English dictionary: on historical principles (Record no. 1780)
[ view plain ]
| 000 -LEADER | |
|---|---|
| fixed length control field | 00498nam a2200157Ia 4500 |
| 020 ## - INTERNATIONAL STANDARD BOOK NUMBER | |
| ISBN | 0-19-861134-x |
| 082 ## - DEWEY DECIMAL CLASSIFICATION NUMBER | |
| Classification number | RR 423 NEW; |
| 245 #0 - TITLE STATEMENT | |
| Title | New shorter oxford English dictionary: on historical principles |
| 260 ## - PUBLICATION, DISTRIBUTION, ETC. (IMPRINT) | |
| Place of publication | Oxford |
| Name of publisher | Clarendon Press |
| Year of publication | 1933 |
| 300 ## - PHYSICAL DESCRIPTION | |
| Number of Pages | 2v. |
| 504 ## - BIBLIOGRAPHY, ETC. NOTE | |
| Bibliography, etc | Contents: Vol.1. A-M (xxvii,1876p.). - v.2. N-Z (viii,1877 - 3801p.). |
| 650 ## - SUBJECT ADDED ENTRY--TOPICAL TERM | |
| Topical Term | The new shorter oxford English dictionary |
| 650 ## - SUBJECT ADDED ENTRY--TOPICAL TERM | |
| Topical Term | English language - Dictionaries |
| 700 ## - ADDED ENTRY--PERSONAL NAME | |
| Personal name | Brown, Lesley |
| 942 ## - ADDED ENTRY ELEMENTS (KOHA) | |
| Koha item type | Books |
| Withdrawn status | Lost status | Damaged status | Not for loan | Home library | Current library | Date acquired | Bill Date | Full call number | Accession Number | Price effective from | Koha item type |
|---|---|---|---|---|---|---|---|---|---|---|---|
| NASSDOC Library | NASSDOC Library | 08/06/2004 | 2008-12-30 | RR 423 NEW; | 34195 | 18/04/2019 | Books | ||||
| NASSDOC Library | NASSDOC Library | 08/06/2004 | 2008-12-30 | RR 423 NEW; | 34196 | 18/04/2019 | Books |
